[Event "45. Torneo Internacional La Roda 2018"]
[Site "La Roda ESP"]
[Date "2018.03.29"]
[Round "2.4"]
[White "Krug Cortegoso, Rodolfo Martin"]
[Black "Forcen Esteban, Daniel"]
[Result "1-0"]
[WhiteElo "2134"]
[BlackElo "2564"]
[PlyCount "107"]
[EventDate "2018.03.28"]
[EventType "swiss"]
[EventRounds "9"]
[EventCountry "ESP"]
[SourceTitle "Ajedrez en Madrid"]
[Source "lmi"]
[SourceDate "2018.03.28"]

1. d4 e6 2. e4 c5 3. c3 Nf6 4. e5 Nd5 5. Nf3 cxd4 6. cxd4 d6 7. Bc4 Nc6 8. O-O
Be7 9. Bd2 Nb6 10. Bb3 Bd7 11. exd6 Bxd6 12. Nc3 Ne7 13. Bg5 Bc6 14. Bxe7 Bxe7
15. Ne5 Bf6 16. Qg4 O-O 17. Rad1 g6 18. Rfe1 Bg7 19. h4 Nd5 20. Qg3 Nf6 21. Qh3
Qb6 22. g4 Rad8 23. g5 Nd5 24. Qg4 Qb4 25. Nxc6 bxc6 26. Bxd5 cxd5 27. Qe2 Rb8
28. Rd2 Rfc8 29. Red1 Rc4 30. Qg4 Qa5 31. h5 Rbb4 32. Ne2 Qxa2 33. h6 Bf8 34.
Nf4 Qa6 35. Qf3 Qd6 36. Nd3 Rb3 37. Qf6 Qe7 38. Qf4 Rc8 39. Ne5 Rb7 40. Ra1 Qd8
41. Ra6 Bd6 42. Rd3 Bb8 43. Rf3 Qe7 44. Qe3 Qe8 45. Rf6 Rcc7 46. Ng4 Qc8 47.
Rfxe6 fxe6 48. Rxe6 Re7 49. Rxe7 Qxg4+ 50. Kf1 Qd1+ 51. Kg2 Qg4+ 52. Kf1 Bf4
53. Rg7+ Kf8 54. Rg8+ 1-0

[Event "45. Torneo Internacional La Roda 2018"]
[Site "La Roda ESP"]
[Date "2018.03.29"]
[Round "2.5"]
[White "Korneev, Oleg"]
[Black "Fernandez Alvarez, Luis"]
[Result "1/2-1/2"]
[WhiteElo "2557"]
[BlackElo "2122"]
[PlyCount "128"]
[EventDate "2018.03.28"]
[EventType "swiss"]
[EventRounds "9"]
[EventCountry "ESP"]
[SourceTitle "Ajedrez en Madrid"]
[Source "lmi"]
[SourceDate "2018.03.28"]

1. e4 e6 2. d4 d5 3. Nd2 c5 4. Ngf3 cxd4 5. Nxd4 Nc6 6. Bb5 Bd7 7. Nxc6 bxc6 8.
Bd3 Bd6 9. Qe2 Ne7 10. O-O Qc7 11. g3 O-O 12. c4 Rfe8 13. Rd1 Ng6 14. Qh5 Nf8
15. Nf3 dxe4 16. Bxe4 f5 17. Bc2 c5 18. Ng5 Bc6 19. Qf7+ Qxf7 20. Nxf7 Bc7 21.
Nd6 Red8 22. Nb5 Rxd1+ 23. Bxd1 Be5 24. f4 Bf6 25. Be3 Nd7 26. Kf2 Kf7 27. Ba4
Ke7 28. Nc7 Rc8 29. Bxc6 Rxc7 30. Bxd7 Kxd7 31. Rd1+ Kc6 32. b3 g6 33. Ke2 Rc8
34. Rd3 a6 35. a3 Rb8 36. Bd2 e5 37. fxe5 Bxe5 38. b4 Re8 39. Re3 Re7 40. a4
cxb4 41. Bxb4 Rb7 42. Ba3 Bd4 43. Re6+ Kc7 44. Rxa6 Rb3 45. Bd6+ Kb7 46. Ra5
Rc3 47. Bb4 Rb3 48. Bd2 Kc6 49. Ra6+ Kc5 50. Ra7 Kxc4 51. Rxh7 Ra3 52. a5 Kd5
53. Rd7+ Ke4 54. Re7+ Kd5 55. Rd7+ Ke4 56. Rd6 Ra2 57. Rxg6 Bc3 58. Rd6 Bxa5
59. h4 f4 60. gxf4 Rxd2+ 61. Rxd2 Bxd2 62. Kxd2 Kxf4 63. h5 Kg5 64. h6 Kxh6
1/2-1/2

[Event "45. Torneo Internacional La Roda 2018"]
[Site "La Roda ESP"]
[Date "2018.03.29"]
[Round "2.6"]
[White "Valhondo Morales, Ruben"]
[Black "Epishin, Vladimir"]
[Result "0-1"]
[WhiteElo "2127"]
[BlackElo "2551"]
[PlyCount "76"]
[EventDate "2018.03.28"]
[EventType "swiss"]
[EventRounds "9"]
[EventCountry "ESP"]
[SourceTitle "Ajedrez en Madrid"]
[Source "lmi"]
[SourceDate "2018.03.28"]

1. d4 Nf6 2. Nf3 b6 3. g3 Bb7 4. Bg2 e6 5. O-O Be7 6. c4 d5 7. cxd5 exd5 8.
Qa4+ c6 9. Ne5 O-O 10. Nd2 a5 11. Ndf3 Ne4 12. h4 c5 13. Nd3 c4 14. Nf4 b5 15.
Qc2 Nc6 16. a3 a4 17. Bd2 Re8 18. Bc3 Bf6 19. Rfd1 Nxc3 20. Qxc3 Na5 21. Re1
Nb3 22. Rad1 g6 23. e3 Qd6 24. Nd2 Bc6 25. Nb1 Rad8 26. Re2 Bg7 27. Qe1 Bh6 28.
Nh3 Bd7 29. Nc3 Bg4 30. f3 Bf5 31. Qf2 Bc2 32. Rde1 Bd3 33. Nxb5 Qb6 34. Nc3
Bxe2 35. Rxe2 Nc1 36. f4 Nxe2+ 37. Qxe2 Bg7 38. Qd2 Rxe3 0-1

[Event "45. Torneo Internacional La Roda 2018"]
[Site "La Roda ESP"]
[Date "2018.03.29"]
[Round "2.7"]
[White "Popovic, Dusan"]
[Black "Prado Lobo, Jonas"]
[Result "1/2-1/2"]
[WhiteElo "2534"]
[BlackElo "2117"]
[PlyCount "37"]
[EventDate "2018.03.28"]
[EventType "swiss"]
[EventRounds "9"]
[EventCountry "ESP"]
[SourceTitle "Ajedrez en Madrid"]
[Source "lmi"]
[SourceDate "2018.03.28"]

1. e4 e6 2. d3 d5 3. Nd2 Nc6 4. Ngf3 Nf6 5. g3 dxe4 6. dxe4 Bc5 7. Bg2 e5 8.
O-O O-O 9. Qe2 Qe7 10. Nc4 a5 11. a4 Bg4 12. c3 Qe6 13. b3 h6 14. Qc2 Bh3 15.
Ne3 Bxg2 16. Kxg2 Rad8 17. Bd2 Rd7 18. Rae1 Rfd8 19. Nc4 1/2-1/2

[Event "45. Torneo Internacional La Roda 2018"]
[Site "La Roda ESP"]
[Date "2018.03.29"]
[Round "2.8"]
[White "Eizaguerri Floris, Maria"]
[Black "Vasquez Schroeder, Rodrigo"]
[Result "0-1"]
[WhiteElo "2119"]
[BlackElo "2527"]
[PlyCount "60"]
[EventDate "2018.03.28"]
[EventType "swiss"]
[EventRounds "9"]
[EventCountry "ESP"]
[SourceTitle "Ajedrez en Madrid"]
[Source "lmi"]
[SourceDate "2018.03.28"]

1. e4 e6 2. d4 d5 3. e5 c5 4. Nf3 Nc6 5. Bd3 cxd4 6. O-O Bc5 7. Re1 Nge7 8. Bf4
Ng6 9. Bg3 f6 10. Nh4 Ngxe5 11. Bxe5 Nxe5 12. Qh5+ Ke7 13. Rxe5 fxe5 14. Bxh7
Kd6 15. Ng6 Rxh7 16. Qxh7 Qf6 17. Nd2 e4 18. Rf1 Bd7 19. c4 dxc3 20. bxc3 Qxc3
21. Qh4 Re8 22. Nb3 Qf6 23. Qg3+ e5 24. Nxc5 Kxc5 25. Qa3+ Kb6 26. Rc1 Bc6 27.
Qg3 Re6 28. Qb3+ Kc7 29. Qxd5 Qxg6 30. Qa5+ Kd7 0-1

[Event "45. Torneo Internacional La Roda 2018"]
[Site "La Roda ESP"]
[Date "2018.03.29"]
[Round "2.9"]
[White "Espinosa Aranda, Angel"]
[Black "Blazquez Lopez, Berna"]
[Result "1-0"]
[WhiteElo "2472"]
[BlackElo "2115"]
[PlyCount "101"]
[EventDate "2018.03.28"]
[EventType "swiss"]
[EventRounds "9"]
[EventCountry "ESP"]
[SourceTitle "Ajedrez en Madrid"]
[Source "lmi"]
[SourceDate "2018.03.28"]

1. Nf3 d5 2. g3 c6 3. Bg2 Bg4 4. c4 Nd7 5. cxd5 cxd5 6. Qa4 Bxf3 7. Bxf3 e6 8.
Nc3 Ngf6 9. O-O Be7 10. d4 O-O 11. Bf4 a6 12. Rac1 Rc8 13. e4 dxe4 14. Nxe4 Qb6
15. Be3 Rxc1 16. Rxc1 Qxb2 17. Nxf6+ Nxf6 18. Rc7 Qb4 19. Qxb4 Bxb4 20. Bxb7 a5
21. Bc1 Rb8 22. Bf4 Rd8 23. Rc4 h6 24. Bc1 Nd5 25. Kg2 Nb6 26. Rc6 Rd6 27. Kf3
Rxc6 28. Bxc6 Kf8 29. Ke4 Ke7 30. d5 exd5+ 31. Bxd5 Nxd5 32. Kxd5 h5 33. a4 Kd7
34. Be3 g6 35. f3 Kc7 36. Bc5 Be1 37. Bd6+ Kd7 38. Be5 Bb4 39. h3 Be1 40. Kc5
Ke6 41. Bc7 g5 42. g4 hxg4 43. hxg4 f5 44. Kb5 fxg4 45. fxg4 Kd5 46. Bxa5 Bf2
47. Bd8 Ke4 48. a5 Kf3 49. a6 Ba7 50. Bb6 Bb8 51. Kc6 1-0

[Event "45. Torneo Internacional La Roda 2018"]
[Site "La Roda ESP"]
[Date "2018.03.29"]
[Round "2.10"]
[White "Diez Fraile, David"]
[Black "Cifuentes Parada, Roberto"]
[Result "1/2-1/2"]
[WhiteElo "2115"]
[BlackElo "2465"]
[PlyCount "173"]
[EventDate "2018.03.28"]
[EventType "swiss"]
[EventRounds "9"]
[EventCountry "ESP"]
[SourceTitle "Ajedrez en Madrid"]
[Source "lmi"]
[SourceDate "2018.03.28"]

1. d4 d5 2. Nf3 c5 3. c4 dxc4 4. e3 Nf6 5. Bxc4 e6 6. O-O Nc6 7. Qe2 cxd4 8.
Rd1 Be7 9. exd4 O-O 10. Nc3 Na5 11. Bd3 b6 12. Bg5 Bb7 13. Rac1 Rc8 14. Ne5 Nd5
15. Nxd5 Qxd5 16. Be4 Qxe4 17. Qxe4 Bxe4 18. Bxe7 Rfe8 19. Bb4 Nb7 20. f3 Bd5
21. b3 f6 22. Nd3 a5 23. Ba3 Kf7 24. Kf2 b5 25. Rxc8 Rxc8 26. Rc1 Rxc1 27. Bxc1
b4 28. Ke3 Nd6 29. g4 Nb5 30. Bb2 Bc6 31. Ne1 Nc7 32. Nd3 Nd5+ 33. Kd2 Ne7 34.
Ke3 Bd5 35. Bc1 g5 36. Nc5 Ng6 37. Kf2 e5 38. Be3 h6 39. Nd3 e4 40. fxe4 Bxe4
41. Nb2 Ne7 42. Nc4 Bb1 43. Nxa5 Bxa2 44. Bd2 Nd5 45. Nc6 Bxb3 46. Nxb4 Ne7 47.
Nd3 Be6 48. Kf3 Kg6 49. Bb4 Nd5 50. Bd2 h5 51. h3 Ne7 52. Nb4 Bb3 53. Bc3 Bd1+
54. Kg3 h4+ 55. Kg2 Bb3 56. Be1 Kf7 57. Kf3 Bc4 58. Kf2 Ke6 59. Bc3 Bd5 60. Nd3
Be4 61. Nb4 Bb7 62. Bb2 Ng6 63. Bc1 Nf8 64. Nd3 Kd5 65. Ke3 Kc4 66. Ba3 Ng6 67.
Bd6 Bg2 68. Bc7 Ne7 69. Nb2+ Kb3 70. Bd8 Nd5+ 71. Kf2 Bxh3 72. Nd3 Kc4 73. Nc5
Kxd4 74. Nd7 Ke4 75. Nxf6+ Nxf6 76. Bxf6 Kf4 77. Bd8 Kxg4 78. Bc7 Kh5 79. Kf3
Bd7 80. Bd6 Bc6+ 81. Kf2 Kg4 82. Be7 Kf4 83. Bd8 Kf5 84. Be7 Kg4 85. Bd8 Kh5
86. Bc7 Kg4 87. Bd8 1/2-1/2

[Event "45. Torneo Internacional La Roda 2018"]
[Site "La Roda ESP"]
[Date "2018.03.29"]
[Round "2.12"]
[White "Perez Pastora, Evarist"]
[Black "Oratovsky, Michael"]
[Result "0-1"]
[WhiteElo "2114"]
[BlackElo "2445"]
[PlyCount "126"]
[EventDate "2018.03.28"]
[EventType "swiss"]
[EventRounds "9"]
[EventCountry "ESP"]
[SourceTitle "Ajedrez en Madrid"]
[Source "lmi"]
[SourceDate "2018.03.28"]

1. e4 c5 2. Nf3 e6 3. d4 cxd4 4. Nxd4 a6 5. Bd3 Bc5 6. Nb3 Be7 7. O-O d6 8. c4
Nf6 9. Nc3 b6 10. Be3 Bb7 11. f3 O-O 12. Nd4 Nbd7 13. Rf2 Ne5 14. Bf1 Rc8 15.
Qb3 Qc7 16. Rc1 Nfd7 17. Qd1 Qb8 18. b3 Rfe8 19. Rd2 h5 20. Be2 Nf6 21. h3 Ng6
22. Na4 Bd8 23. Nc2 d5 24. exd5 exd5 25. Nxb6 Rxe3 26. Nxc8 Re8 27. Nb4 Bxc8
28. Nxd5 Qg3 29. Qe1 Qxe1+ 30. Rxe1 Nxd5 31. Rxd5 Nf4 32. Rxd8 Rxd8 33. Bf1 Kf8
34. Re5 Rd2 35. Rc5 Rd8 36. Kh2 h4 37. Kg1 Ke7 38. Kf2 Kd6 39. Ra5 Kc6 40. b4
Nd3+ 41. Bxd3 Rxd3 42. Rc5+ Kb7 43. Ra5 Rd2+ 44. Kg1 Be6 45. b5 Bxc4 46. bxa6+
Ka7 47. a3 g6 48. Ra4 Rc2 49. Ra5 Bxa6 50. Re5 Kb6 51. Re4 Rc1+ 52. Kf2 Rf1+
53. Ke3 Re1+ 54. Kf2 Rxe4 55. fxe4 Kc5 56. Ke3 Bf1 57. Kf2 Bb5 58. Ke3 f6 59.
Kf4 Kd4 60. Kf3 Bd7 61. Kf4 g5+ 62. Kf3 Bc6 63. Kg4 Kxe4 0-1

[Event "45. Torneo Internacional La Roda 2018"]
[Site "La Roda ESP"]
[Date "2018.03.29"]
[Round "2.13"]
[White "Ladron De Guevara Pinto, Paolo"]
[Black "Garrido Outon, Alex"]
[Result "1-0"]
[WhiteElo "2422"]
[BlackElo "2110"]
[PlyCount "81"]
[EventDate "2018.03.28"]
[EventType "swiss"]
[EventRounds "9"]
[EventCountry "ESP"]
[SourceTitle "Ajedrez en Madrid"]
[Source "lmi"]
[SourceDate "2018.03.28"]

1. e4 d6 2. d4 Nf6 3. f3 Nbd7 4. Be3 e5 5. c4 Be7 6. Nc3 c6 7. Nge2 h5 8. Qd2
Qc7 9. Rc1 h4 10. Rc2 Nf8 11. d5 c5 12. Nc1 Nh5 13. Nd3 f5 14. exf5 Bxf5 15. g4
hxg3 16. hxg3 Rh7 17. Rg1 Bg6 18. Rc1 a6 19. Nf2 Nf6 20. Nh3 N6d7 21. a3 Kf7
22. Bg5 Bf6 23. Bxf6 gxf6 24. g4 b5 25. cxb5 c4 26. Nf2 Rh2 27. bxa6 Nh7 28.
Nb5 Qb6 29. Bxc4 Ng5 30. Rc3 e4 31. f4 e3 32. Rxe3 Re8 33. Nxd6+ Qxd6 34. fxg5
Ne5 35. Be2 Qc5 36. Rgg3 Bd3 37. Bxd3 Nxd3+ 38. Nxd3 Qc7 39. d6 Qxd6 40. Ne5+
Qxe5 41. Qxh2 1-0

[Event "45. Torneo Internacional La Roda 2018"]
[Site "La Roda ESP"]
[Date "2018.03.29"]
[Round "2.14"]
[White "Carballo Cancela, Manuel"]
[Black "Campora, Daniel H."]
[Result "0-1"]
[WhiteElo "2111"]
[BlackElo "2419"]
[PlyCount "88"]
[EventDate "2018.03.28"]
[EventType "swiss"]
[EventRounds "9"]
[EventCountry "ESP"]
[SourceTitle "Ajedrez en Madrid"]
[Source "lmi"]
[SourceDate "2018.03.28"]

1. e4 d6 2. d4 Nf6 3. Nc3 g6 4. Bg5 Bg7 5. Qd2 h6 6. Bh4 g5 7. Bg3 Nh5 8. Nf3
Nd7 9. Bc4 e6 10. O-O a6 11. a4 Qe7 12. Rfe1 Nxg3 13. hxg3 g4 14. Nh4 Qg5 15.
Qd3 O-O 16. Ne2 c5 17. c3 Rb8 18. b4 b5 19. axb5 axb5 20. Ba2 c4 21. Qc2 Rd8
22. Bb1 Nf8 23. Ra5 e5 24. Nf5 Bxf5 25. exf5 Re8 26. d5 Nd7 27. Ra6 Bf8 28. Qa2
h5 29. Be4 Nf6 30. Qc2 Red8 31. Kf1 Bh6 32. Rd1 Rd7 33. Ra5 Kg7 34. Ra6 Kg8 35.
Ra5 Bf8 36. Rda1 Be7 37. Ra7 Rxa7 38. Rxa7 Bd8 39. Ra6 Bb6 40. Ra1 Kg7 41. Ra6
Nxe4 42. Qxe4 Kf6 43. Nf4 Qxf5 44. Qxf5+ Kxf5 0-1

[Event "45. Torneo Internacional La Roda 2018"]
[Site "La Roda ESP"]
[Date "2018.03.29"]
[Round "2.15"]
[White "Stankovic, Milos"]
[Black "Delgado Alarcon, Jesus Francisco"]
[Result "1/2-1/2"]
[WhiteElo "2416"]
[BlackElo "2095"]
[PlyCount "30"]
[EventDate "2018.03.28"]
[EventType "swiss"]
[EventRounds "9"]
[EventCountry "ESP"]
[SourceTitle "Ajedrez en Madrid"]
[Source "lmi"]
[SourceDate "2018.03.28"]

1. e4 e6 2. d4 d5 3. Nc3 Nf6 4. e5 Nfd7 5. Nf3 c5 6. Bg5 Qb6 7. dxc5 Bxc5 8.
Qd2 Nc6 9. O-O-O Ncxe5 10. Nxe5 Nxe5 11. Na4 Bb4 12. Qf4 Qd6 13. a3 Bd7 14.
axb4 Bxa4 15. Qe3 Rc8 1/2-1/2

[Event "45. Torneo Internacional La Roda 2018"]
[Site "La Roda ESP"]
[Date "2018.03.29"]
[Round "2.16"]
[White "Jimenez Villena, Fco Jose"]
[Black "Suarez Uriel, Adrian"]
[Result "0-1"]
[WhiteElo "2102"]
[BlackElo "2412"]
[PlyCount "38"]
[EventDate "2018.03.28"]
[EventType "swiss"]
[EventRounds "9"]
[EventCountry "ESP"]
[SourceTitle "Ajedrez en Madrid"]
[Source "lmi"]
[SourceDate "2018.03.28"]

1. d4 Nf6 2. c4 g6 3. g3 Bg7 4. Bg2 O-O 5. Nc3 d6 6. Nf3 Nc6 7. d5 Na5 8. Nd2
c5 9. Qc2 Rb8 10. O-O a6 11. b3 b5 12. Rb1 e5 13. cxb5 axb5 14. b4 cxb4 15.
Rxb4 Bd7 16. Qd3 Ne8 17. Nxb5 f5 18. Qb1 e4 19. Nd4 Nc7 0-1

[Event "45. Torneo Internacional La Roda 2018"]
[Site "La Roda ESP"]
[Date "2018.03.29"]
[Round "2.17"]
[White "Pilgaard, Kim"]
[Black "Garcia Gonzalez, Omar"]
[Result "1-0"]
[WhiteElo "2397"]
[BlackElo "2091"]
[PlyCount "47"]
[EventDate "2018.03.28"]
[EventType "swiss"]
[EventRounds "9"]
[EventCountry "ESP"]
[SourceTitle "Ajedrez en Madrid"]
[Source "lmi"]
[SourceDate "2018.03.28"]

1. d4 Nf6 2. c4 g6 3. Nc3 d5 4. cxd5 Nxd5 5. e4 Nxc3 6. bxc3 Bg7 7. Qa4+ Nd7 8.
Be3 O-O 9. Rc1 c5 10. Nf3 Qc7 11. Bd3 b6 12. O-O Bb7 13. Rfe1 Rac8 14. h3 h6
15. Qd1 Kh7 16. Qe2 e6 17. e5 Bd5 18. h4 Qc6 19. h5 Be4 20. Bb5 Qd5 21. Nd2 Bf5
22. Bxd7 Qxd7 23. g4 cxd4 24. Bxd4 1-0

[Event "45. Torneo Internacional La Roda 2018"]
[Site "La Roda ESP"]
[Date "2018.03.29"]
[Round "2.18"]
[White "Garcia Fernandez, Jose A."]
[Black "Merario Alarcon, Andres"]
[Result "1/2-1/2"]
[WhiteElo "2093"]
[BlackElo "2384"]
[PlyCount "124"]
[EventDate "2018.03.28"]
[EventType "swiss"]
[EventRounds "9"]
[EventCountry "ESP"]
[SourceTitle "Ajedrez en Madrid"]
[Source "lmi"]
[SourceDate "2018.03.28"]

1. d4 d5 2. c4 e6 3. Nc3 c6 4. e4 dxe4 5. Nxe4 Bb4+ 6. Nc3 e5 7. a3 Bxc3+ 8.
bxc3 Qa5 9. Bd2 Bf5 10. Qb3 Qc7 11. Nf3 Nd7 12. Be3 Ngf6 13. Be2 O-O 14. h3
Rfe8 15. O-O b6 16. Rfd1 h6 17. a4 Ne4 18. Nd2 Nef6 19. a5 Rab8 20. axb6 axb6
21. Ra6 b5 22. cxb5 cxb5 23. Bxb5 exd4 24. Bxd4 Nc5 25. Bxc5 Qxc5 26. c4 Re5
27. Qg3 Nh5 28. Qf3 Bg6 29. Nf1 Nf6 30. Qa3 Qc8 31. Ne3 Rg5 32. Kh1 Be4 33. Kh2
Bb7 34. Rad6 Qc7 35. Kg1 Ne4 36. Nd5 Bxd5 37. R6xd5 Qf4 38. Qe3 Qxe3 39. fxe3
Rg3 40. Rd8+ Rxd8 41. Rxd8+ Kh7 42. Rd3 Nc5 43. Ra3 f5 44. Bc6 Rg6 45. Bd5 Rb6
46. Kf2 Kg6 47. Kf3 Rb8 48. g4 fxg4+ 49. hxg4 Kf6 50. Ra7 Rc8 51. Rf7+ Kg6 52.
Kf4 Re8 53. e4 Nxe4 54. Ra7 Ng5 55. Ra6+ Kh7 56. c5 Nh3+ 57. Kf5 g6+ 58. Kf6
Nf4 59. Ra7+ Kh8 60. Bf7 Rc8 61. Ra5 Rc6+ 62. Ke5 Rxc5+ 1/2-1/2

[Event "45. Torneo Internacional La Roda 2018"]
[Site "La Roda ESP"]
[Date "2018.03.29"]
[Round "2.19"]
[White "Blesa Fernandez, Ignacio"]
[Black "Murillo Lopez, Francisco"]
[Result "1-0"]
[WhiteElo "1965"]
[BlackElo "1631"]
[PlyCount "59"]
[EventDate "2018.03.28"]
[EventType "swiss"]
[EventRounds "9"]
[EventCountry "ESP"]
[SourceTitle "Ajedrez en Madrid"]
[Source "lmi"]
[SourceDate "2018.03.28"]

1. e4 e6 2. d4 d5 3. Nc3 Nf6 4. e5 Nfd7 5. f4 c5 6. Nf3 Nc6 7. Be3 Be7 8. Be2
Qb6 9. Na4 Qa5+ 10. c3 c4 11. b4 Nxb4 12. cxb4 Bxb4+ 13. Kf2 b5 14. Nb2 Ba3 15.
Qc2 Bb7 16. Bd2 Qc7 17. Nd1 Nb6 18. Rb1 a6 19. Bb4 Bxb4 20. Rxb4 Bc6 21. Ne3 a5
22. Rbb1 b4 23. Rhc1 Ba4 24. Qd2 Qe7 25. Bd1 Bb5 26. Bc2 c3 27. Qd1 O-O 28.
Bxh7+ Kxh7 29. Ng5+ Kg6 30. Qc2+ 1-0

[Event "45. Torneo Internacional La Roda 2018"]
[Site "La Roda ESP"]
[Date "2018.03.29"]
[Round "2.20"]
[White "Quintin Navarro, Alberto"]
[Black "Urrutia Gonzalez, Javier"]
[Result "1-0"]
[WhiteElo "2380"]
[BlackElo "2089"]
[PlyCount "71"]
[EventDate "2018.03.28"]
[EventType "swiss"]
[EventRounds "9"]
[EventCountry "ESP"]
[SourceTitle "Ajedrez en Madrid"]
[Source "lmi"]
[SourceDate "2018.03.28"]

1. e4 e5 2. Nf3 Nc6 3. Bb5 a6 4. Ba4 Nf6 5. O-O Be7 6. Re1 b5 7. Bb3 O-O 8. d3
d6 9. c3 Na5 10. Bc2 c5 11. Nbd2 Nc6 12. Nf1 h6 13. Ng3 Re8 14. h3 Bf8 15. d4
cxd4 16. cxd4 Nxd4 17. Nxd4 exd4 18. Qxd4 Be6 19. Bd2 Rc8 20. Bc3 a5 21. Qd2 b4
22. Bd4 Bd7 23. Bd3 Bc6 24. Rac1 Bb7 25. Rxc8 Bxc8 26. Qf4 Re6 27. Re2 g6 28.
Bc4 d5 29. exd5 Nxd5 30. Qf3 Bb7 31. Rxe6 fxe6 32. Ne4 Bg7 33. Bxg7 Kxg7 34.
Qg3 Qc7 35. Nd6 Nf6 36. Nf5+ 1-0

[Event "45. Torneo Internacional La Roda 2018"]
[Site "La Roda ESP"]
[Date "2018.03.29"]
[Round "2.21"]
[White "Torres Boch, Jose F."]
[Black "Ramiro Ovejero, Juan Luis"]
[Result "0-1"]
[WhiteElo "2090"]
[BlackElo "2374"]
[PlyCount "68"]
[EventDate "2018.03.28"]
[EventType "swiss"]
[EventRounds "9"]
[EventCountry "ESP"]
[SourceTitle "Ajedrez en Madrid"]
[Source "lmi"]
[SourceDate "2018.03.28"]

1. e4 c5 2. Nf3 e6 3. d4 cxd4 4. Nxd4 a6 5. c4 Nf6 6. Bd3 Nc6 7. Nxc6 dxc6 8.
e5 Qa5+ 9. Nc3 Qxe5+ 10. Be3 Bc5 11. O-O Bxe3 12. fxe3 O-O 13. Rf3 Ng4 14. Rh3
f5 15. Qe2 b5 16. Rf1 g6 17. Rf4 Bb7 18. Ne4 Rad8 19. Ng5 Rd7 20. Nf3 Qf6 21.
Rd4 Rfd8 22. c5 e5 23. Rxd7 Rxd7 24. Bc2 e4 25. Bb3+ Kg7 26. Nd4 Rxd4 27. exd4
Qxd4+ 28. Kf1 Bc8 29. Ke1 h5 30. Rc3 f4 31. h3 Ne5 32. Bc2 Bf5 33. Ra3 a5 34.
Qd1 Qg1+ 0-1

[Event "45. Torneo Internacional La Roda 2018"]
[Site "La Roda ESP"]
[Date "2018.03.29"]
[Round "3.1"]
[White "Martinez Fernandez, Adrian"]
[Black "Fedorchuk, Sergey A."]
[Result "0-1"]
[WhiteElo "2306"]
[BlackElo "2642"]
[PlyCount "118"]
[EventDate "2018.03.28"]
[EventType "swiss"]
[EventRounds "9"]
[EventCountry "ESP"]
[SourceTitle "Ajedrez en Madrid"]
[Source "lmi"]
[SourceDate "2018.03.28"]

1. f4 d5 2. Nf3 g6 3. g3 Bg7 4. Bg2 c5 5. O-O Nc6 6. d3 Nh6 7. c3 d4 8. h3 Nf5
9. Kh2 h5 10. Na3 O-O 11. Qe1 e5 12. fxe5 Nxe5 13. Nxe5 Bxe5 14. Bf4 Bxf4 15.
Rxf4 Be6 16. Nc2 Qb6 17. b4 dxc3 18. Qxc3 Rac8 19. Qf6 Rfd8 20. Raf1 cxb4 21.
Nxb4 Ne3 22. R1f2 Nxg2 23. Rxg2 a5 24. g4 h4 25. g5 Qd6 26. Kg1 Qf8 27. Nc2 Qg7
28. Qxg7+ Kxg7 29. Ne3 b5 30. a4 Rc1+ 31. Kf2 b4 32. Rg1 Rxg1 33. Kxg1 b3 34.
Rf1 Rd4 35. Nc4 Bxc4 36. dxc4 Rxc4 37. Rb1 Rc3 38. Kg2 Rg3+ 39. Kh2 Re3 40. Rb2
Kf8 41. Rd2 Ke7 42. Kg2 Rg3+ 43. Kh2 Rxg5 44. Rd3 Re5 45. e3 b2 46. Rb3 Re4 47.
Rxb2 Rxa4 48. Kg2 Rb4 49. Rc2 Rb7 50. Rc4 Ra7 51. Ra4 Kd6 52. Kf3 Kc5 53. Ke4
Kb5 54. Ra1 a4 55. Kd4 a3 56. Rb1+ Ka4 57. Kc3 Rc7+ 58. Kd2 a2 59. Rb8 Ra7 0-1

[Event "45. Torneo Internacional La Roda 2018"]
[Site "La Roda ESP"]
[Date "2018.03.29"]
[Round "3.2"]
[White "Perez Candelario, Manuel"]
[Black "Buendia Pinar, Alvaro"]
[Result "1-0"]
[WhiteElo "2586"]
[BlackElo "2297"]
[PlyCount "119"]
[EventDate "2018.03.28"]
[EventType "swiss"]
[EventRounds "9"]
[EventCountry "ESP"]
[SourceTitle "Ajedrez en Madrid"]
[Source "lmi"]
[SourceDate "2018.03.28"]

1. e4 c6 2. d4 d5 3. e5 c5 4. dxc5 e6 5. a3 Bxc5 6. Nf3 Qb6 7. Qd2 a5 8. Bd3
Bd7 9. Nc3 Bc6 10. O-O Nd7 11. Qf4 h6 12. Bd2 a4 13. Rab1 g5 14. Qg4 Be7 15.
Qh3 Qd8 16. Qg3 Nc5 17. Nd4 Nxd3 18. cxd3 Bc5 19. Nce2 Ne7 20. Be3 Bxd4 21.
Nxd4 Nf5 22. Nxf5 exf5 23. Bd4 Rh7 24. Rbc1 Qd7 25. f4 g4 26. Rfe1 Qe6 27. Re2
Kd7 28. Qe1 Rhh8 29. Qb4 Rhc8 30. Rec2 Ke8 31. Bc5 Kd7 32. Bd6 Ke8 33. Rc5 Ra6
34. d4 Raa8 35. Qe1 Kd7 36. Qh4 Ra6 37. R1c2 Raa8 38. R5c3 Rg8 39. Rc5 Rgc8 40.
Kf2 Rg8 41. R2c3 Ra6 42. Kg1 Rc8 43. Rg3 Raa8 44. h3 h5 45. Kf2 Rg8 46. Rc1
Rae8 47. b4 axb3 48. Rxb3 Rc8 49. Rcc3 gxh3 50. gxh3 b5 51. Rg3 Rxg3 52. Rxg3
Bb7 53. Rg7 Rc2+ 54. Ke1 b4 55. axb4 Kc6 56. Qd8 Kb5 57. Qa5+ Kc4 58. Rg3 Qc8
59. b5 Kxd4 60. Qa7+ 1-0

[Event "45. Torneo Internacional La Roda 2018"]
[Site "La Roda ESP"]
[Date "2018.03.29"]
[Round "3.3"]
[White "Cabezas Ayala, Ivan"]
[Black "Ibarra Jerez, Jose Carlos"]
[Result "1/2-1/2"]
[WhiteElo "2297"]
[BlackElo "2569"]
[PlyCount "41"]
[EventDate "2018.03.28"]
[EventType "swiss"]
[EventRounds "9"]
[EventCountry "ESP"]
[SourceTitle "Ajedrez en Madrid"]
[Source "lmi"]
[SourceDate "2018.03.28"]

1. e4 e6 2. d4 d5 3. Nc3 Nf6 4. e5 Nfd7 5. f4 c5 6. Nf3 Nc6 7. Be3 Be7 8. Qd2
O-O 9. Be2 b6 10. O-O f5 11. Nd1 cxd4 12. Nxd4 Nxd4 13. Bxd4 Nc5 14. Nf2 Bb7
15. Rad1 a5 16. Qe3 Qc7 17. Nd3 Ba6 18. Rc1 Rab8 19. g4 Ne4 20. Kh1 Bc5 21. c3
1/2-1/2

[Event "45. Torneo Internacional La Roda 2018"]
[Site "La Roda ESP"]
[Date "2018.03.29"]
[Round "3.4"]
[White "Epishin, Vladimir"]
[Black "Moreno Ibanez, Miguel"]
[Result "1-0"]
[WhiteElo "2551"]
[BlackElo "2270"]
[PlyCount "110"]
[EventDate "2018.03.28"]
[EventType "swiss"]
[EventRounds "9"]
[EventCountry "ESP"]
[SourceTitle "Ajedrez en Madrid"]
[Source "lmi"]
[SourceDate "2018.03.28"]

1. d4 Nf6 2. Nf3 g6 3. g3 Bg7 4. Bg2 O-O 5. O-O d6 6. a4 Nc6 7. a5 a6 8. c4 e5
9. d5 Ne7 10. Nc3 Nd7 11. Ra3 h6 12. e4 f5 13. exf5 Nxf5 14. Re1 g5 15. b4 Nf6
16. Nd2 Nd4 17. Nce4 Bg4 18. f3 Bh5 19. Bb2 Nxe4 20. Nxe4 Qd7 21. Nf2 Bg6 22.
Bh3 Bf5 23. Bxf5 Qxf5 24. Bxd4 exd4 25. Qe2 Qg6 26. Qe6+ Qxe6 27. Rxe6 Rae8 28.
Rxe8 Rxe8 29. Kf1 h5 30. b5 Re3 31. Rxe3 dxe3 32. Ne4 g4 33. Ke2 Bd4 34. fxg4
hxg4 35. Kd3 Kg7 36. Ng5 Kf6 37. Ne6 e2 38. Kxe2 Bc3 39. Nd8 axb5 40. Nxb7 bxc4
41. a6 Bd4 42. Na5 Kf5 43. Nc6 Bb6 44. a7 Bxa7 45. Nxa7 Ke4 46. Nb5 Kxd5 47.
Nxc7+ Ke5 48. Ke3 c3 49. Nb5 c2 50. Kd2 c1=Q+ 51. Kxc1 d5 52. Kd2 Ke4 53. Ke2
d4 54. Nd6+ Ke5 55. Nc4+ Kd5 1-0